logo

Bir Sreshtho Munshi Abdur Rouf Library
Jhenaidah Cadet College

স্কুলে মাতৃভাষা শিক্ষণ / (Record no. 7581)

MARC details
000 -LEADER
fixed length control field 00668nam a2200217 a 4500
001 - CONTROL NUMBER
JCCL Control Number 7581
003 - CONTROL NUMBER IDENTIFIER
JCCL marc code BD-JhCC
005 - DATE AND TIME OF LATEST TRANSACTION
control field 20180325105950.0
008 - FIXED-LENGTH DATA ELEMENTS--GENERAL INFORMATION
fixed length control field 180211s1969 bg |||| ||a| 000 0 ben d
035 ## - SYSTEM CONTROL NUMBER
system control number (BD-JhCC)7581
040 ## - CATALOGING SOURCE
Original cataloging agency BD-JhCC
Modifying agency BD-JhCC
041 ## - LANGUAGE CODE
Language code of Book ben
082 ## - DEWEY DECIMAL CLASSIFICATION NUMBER
Classification number 490.9
Author mark and Year RAS 1969
100 ## - MAIN ENTRY--PERSONAL NAME
Personal name রশীদ, আ. ন. ম. বজলুর
245 ## - TITLE STATEMENT
Title স্কুলে মাতৃভাষা শিক্ষণ /
Statement of responsibility, etc আ. ন. ম. বজলুর রশীদ.
260 ## - PUBLICATION, DISTRIBUTION, ETC. (IMPRINT)
Place of publication, distribution, etc ঢাকা :
Name of publisher, distributor, etc বাংলা একাডেমী ;
Date of publication, distribution, etc 1969 .
300 ## - PHYSICAL DESCRIPTION
Pagination 502 p. :
Dimensions 21 cm.
650 ## - SUBJECT ADDED ENTRY--TOPICAL TERM
Topical term or geographic name as entry element Bengali Languase
942 ## - ADDED ENTRY ELEMENTS (KOHA)
Source of classification or shelving scheme Library of Congress Classification
Koha item type Books
Holdings
Source of classification or shelving scheme Damaged status Not for loan Home library Current library Shelving location Date of accession Cost, normal purchase price Total Checkouts Full call number Barcode Date last seen Copy number Koha item type
Dewey Decimal Classification     JCC Rouf Library JCC Rouf Library General Stacks 02/11/2018 20.00   490.9 RAS 1969 948 02/11/2018 C-1 Books
Dewey Decimal Classification     JCC Rouf Library JCC Rouf Library General Stacks 02/14/2018 20.00   490.9 RAS 1969 956 02/14/2018 C-2 Books

JCC Library | Contacts | JCC Home

Last Update on 23 September 2017
Copyright @ 2017-2020 JCC Rouf Library
Rouf Library, Jhenidah Cadet College (JCC), Bangladesh